000 01513cab a2200277 4500
001 ABS67471
008 040126n2003 000 0 eng u
035 _a(Sirsi) u124903
100 _aGillham, B.
245 _aHigh Street A3 - what is the current rental value?
260 _c2003
490 _aJournal of Retail and Leisure Property
_v3(3) December 2003, 223-236(14)
520 _aProvides a detailed examination of the assessment of rental value of high street bars (A3 operators) in the absence of new lettings evidence, recognising that there is now over-provision of bars in many towns with no new lettings likely to take place for many years. Covers valuation methods that can be used in the absence of open market evidence.of A3 lettings, looking at operators' appraisal, profits method of valuation and turnover per square foot of customer space. Concludes that valuers need to be more sophisticated in their approach to this market. Tables cover an example of operators' appraisal, profit weighting, typical rents and an example of disposal. (Taken from journal abstract).
590 _aABS
650 _aPROFITS METHOD
650 _aBARS
650 _aTURNOVER VALUATION
650 _aRENTAL VALUES
650 _aVALUATION APPROACH
650 _aOPEN MARKET RENTAL VALUE
650 _aA3 USE CLASS
650 _aPROPERTY-COMMERCIAL PROPERTY-RETAIL PROPERTY-RETAIL PROPERTY MARKET
690 _aVALUATION AND INVESTMENT APPRAISAL-COMMERCIAL
700 _aOwens, S.
942 _n0
999 _c74070
_d74070